000 00316nam a2200133Ia 4500
008 240624s9999 xx 000 0 und d
041 _aeng
082 _a671 JAQ
100 _aJAQUES ELLIOTT
245 _aCHANGING CULTURE OF A FACTORY
260 _c2007
_aOxon
_bRoutledge
300 _a368 : p.
365 _cGBP
_b29
999 _c20261
_d20261